| 000 | 00859nam a2200241 a 4500 | ||
|---|---|---|---|
| 005 | 20240911064335.0 | ||
| 008 | 991125n2003 mx 000 0 spa u | ||
| 020 | _a9706331654 | ||
| 035 | _aUPN01000137994 | ||
| 049 | _aCG | ||
| 050 | 4 |
_aBD165 _bM3.3b |
|
| 100 | 1 |
_aMardones, José María, _d1943- _929672 |
|
| 245 | 1 | 0 |
_aFilosofía de las ciencias humanas y sociales : _bmateriales para una fundamentación científica / _cJ. M. Mardones y N. Ursúa. |
| 260 |
_aMéxico : _bFontamara : _bCoyoacán, _c2003. |
||
| 300 | _a260 p. | ||
| 440 | 0 |
_aFilosofía y cultura contemporánea ; _v9 |
|
| 590 | _a(También localizas un ejemplar en el "Area de Reserva") | ||
| 590 | _aBibliografía Básica (BGTQ) | ||
| 650 | 4 |
_aCiencia _xFilosofía _94696 |
|
| 650 | 4 |
_aTeoría del conocimiento _91707 |
|
| 700 | 1 |
_aUrsúa, Nicolás, _d1947- _ecoaut. |
|
| 905 | _aLibro | ||
| 999 |
_c110145 _d110145 |
||